000
003220000a22001330004500
005
20120302064849.0
942
_c
BOOK
100
_a
_a
_b
_c
245
_a
The Commentary Of Sri Madhva On Mandukya Upanishad
260
_a
Mumbai: Vasantik Prakashan
300
_a
70 p.
040
_a
eng
650
_a
Upanishad / Mandukya
999
_c
363279
_d
363276